Countries that Don't Consider Themselves Democratic - Statistics

General Stats
  • This quiz has been taken 61 times
  • The average score is 5 of 7
Answer Stats
Country % Correct
Saudi Arabia
96%
Qatar
87%
Oman
83%
United Arab Emirates
79%
Afghanistan
62%
Vatican City
56%
Brunei
52%
No matching quizzes found
Score Distribution
Percent of People with Each Score
Percentile by Number Answered
Your Score History
You have not taken this quiz